000
00282nam a2200121Ia 4500
008
220204s9999 xx 000 0 und d
082
_a
645.4
_b
HAT
245
0
_a
New furniture
260
_a
London
_b
Academy
_c
1973
700
_a
Hatje, H V G
700
_a
Kaspar, Peter
942
_c
BK
999
_c
29464
_d
29464